| 000 | 00919nam a2200241Ia 4500 | ||
|---|---|---|---|
| 001 | 15542 | ||
| 003 | GE_BSU | ||
| 008 | 181216s||||||||xx |||||||||||||| ||und|| | ||
| 040 | _cGE_BSU | ||
| 080 | _a821.161.1-31 | ||
| 100 | _aბელიაევი, ს. | ||
| 245 | _aსემიუელ პინგლის თავგადასავალი | ||
| 245 | _bრომანი | ||
| 245 | _cთარგმნა ნუნუ გიორგობიანმა.რედ.ნორა ქართველიშვილი. მხატვ.მ.გერმანაშვილი | ||
| 250 | _aI-ლი გამოც | ||
| 260 | _aთბილისი | ||
| 260 | _bნაკადული | ||
| 260 | _c1987 | ||
| 300 | _a307გვ.20სმ. | ||
| 653 | _aრომანი | ||
| 653 | _aსემიუელ პინგლის თავგადასავალი | ||
| 942 | _cBK | ||
| 999 |
_c48642 _d48642 |
||